| 000 | 00773nam a22002177a 4500 | ||
|---|---|---|---|
| 003 | BUBTL | ||
| 008 | 230226b ||||| |||| 00| 0 eng d | ||
| 020 | _a9789844326096 | ||
| 082 | _a954.9205/ Sa333m/ 2019 | ||
| 100 |
_95194 _aSalim, Mohammad |
||
| 245 |
_aMedia and the Liberation War of Bangladesh Volume-XXVI / _cMohammad Salim |
||
| 250 | _a1st Edn | ||
| 260 |
_aDhaka: _bAnanya, _cc2019 |
||
| 300 |
_axxvi, 373 p.: _e25 cm. |
||
| 505 | _aMedia and the Liberation War of Bangladesh, Media, Liberation War, Bangladesh, Mohammad Salim, মুক্তিযুদ্ধ | ||
| 650 | 0 |
_94963 _aLiberation war |
|
| 650 | 0 |
_91755 _aমুক্তিযুদ্ধ |
|
| 856 |
_k0 _l0 _yDownload |
||
| 942 |
_2ddc _cBK |
||
| 999 |
_c6956 _d6956 |
||